[Event "EU-Cup 24th"]
[Site "Kallithea"]
[Date "2008.10.23"]
[Round "7"]
[White "Nyback, Tomi"]
[Black "Lputian, Smbat G"]
[Result "1-0"]
[WhiteElo "2634"]
[BlackElo "2588"]
[Annotator "Marin,M"]
[PlyCount "89"]
[EventDate "2008.10.17"]
[EventType "team-swiss"]
[EventRounds "7"]
[EventCountry "GRE"]
[SourceTitle "CBM 127"]
[Source "ChessBase"]
[SourceDate "2008.11.13"]
[SourceVersion "1"]
[SourceVersionDate "2008.11.13"]
[SourceQuality "1"]
[WhiteTeam "Werder Bremen"]
[BlackTeam "Bank King"]
[WhiteTeamCountry "GER"]
[BlackTeamCountry "ARM"]

1. d4 d5 2. c4 e6 3. Nf3 Nf6 4. g3 Be7 5. Bg2 O-O 6. O-O c6 7. Qc2 Nbd7 8. Nbd2
b6 9. e4 {Carrying out the central break with the knight on d2 may seem
convenient for White, who has spared the effort of defending (sometimes
indirectly) his c4-pawn. On the other hand, it is traditionally considered
that the reduced pressure on d5 (compared with the positions where the knight
is on c3) should allow Black to maintain the tension in the centre and retain
good chances. However, over the past years things have proven not that simple
for Black in practical games.} Bb7 10. Re1 Rc8 {White has finished his useful
moves (b3 followed by Bb2 would make little sense, because after e4-e5 the
bishop belongs on the attacking c1-h6 diagonal) and should therefore block the
centre.} 11. e5 Ne8 12. cxd5 cxd5 {The position strongly resembles a French
Opening, but both sides can do a lot still to improve the placement of their
minor pieces (Bg2 and Nd2 for White, Bb7 and Ne8 for Black). Being a lifetime
French expert, Lputian did not mind reaching this position, of course...} 13.
Qa4 {In principle, the queen belongs on the other wing, but for the moment
White wins a tempo for regrouping, taking advantage of the fact that the
a7-pawn has been left undefended by the rook move.} Nc7 {An indirect defence
of the pawn, but now the counterplay along the c-file is delayed.} ({I
realized how interesting this whole variation was several years ago, while
working on my Catalan - CD. Here are the two games that I annotated then 
(anticipating a bit, there have been some developments since then, see my
further comments).} 13... a5 14. Bf1 Nb8 (14... Nc7 15. Bd3 Ba6 16. Bb1 {
Avrukh,B (2582)-Filippov,V (2615) EUCup 18th Halkidiki 2002 (4) 1-0 - see below
}) 15. Bd3 Ba6 16. Bb1 Nc6 17. Nf1 {Just two days after his loss to Avrukh,
Filippov proved that he had been a diligent student and assimilated the lesson.
In this game, he will "explain" it to such a classic titan as Portisch.} Bb4 ({
Portisch wasn't probably too happy with the structure resulting after} 17... f5
18. exf6 {and imagined a way to prevent the move exf6.}) 18. Bd2 f5 {Black has
managed to prevent a standard attack against his king, but from a strategic
point of view, the newly created structure still favours White. The e6-pawn is
weak while the f4 and g5 squares will be easy to invade with the minor pieces.}
19. Qd1 (19. exf6 $2 {was impossible now because the lack of communication
between the knights would have left White without any defence against} Qxf6 $1)
({However, White could have considered carrying out the strategically
desirable exchange} 19. Bxb4 $5 Nxb4 {when after} 20. Qd1 $14 {Black seems to
have no possibility of developing an initiative along the c-file:} Bxf1 21.
Rxf1 Qc7 {/\Nc2} 22. a3 Nc2 23. Bxc2 Qxc2 24. Ng5 $1) 19... Be7 {Of course,
Black was not keen to force his luck.} 20. h4 b5 21. Bg5 $1 h6 22. Bxe7 Qxe7
23. Ne3 a4 (23... f4 $6 {would only open the lines and diagonals for White:}
24. Ng2 fxg3 25. fxg3 $16 {[%cal Yb1h7,Rg2f4]}) 24. a3 Na5 25. Bc2 Bb7 26. Ng2
Nc4 {Although Black carries out a typical "French" queenside attack, his other
knight is very passive, obstructing at the same time the f8 rook.} 27. Nf4 $1 (
27. Rb1 b4 $132) 27... Nxb2 (27... Qf7 28. Rb1 $16) (27... Kh7 28. h5 $16 {/\g4
}) 28. Qb1 Nc4 29. Ng6 Qd7 30. Nxf8 Kxf8 {Filippov,V (2615)-Portisch,L (2599)/
Halkidiki 2002/CBM 92/ (1-0, 54)}) (13... Bc6 {This move immediately drives
the queen away, but obstructs the c-file, too.} 14. Qd1 $1 (14. Qb3 $6 {
The queen should go closer to the kingside. From here, it does not create any
threats and will allow Black to win time for his queenside attack by simply
pushing the a-pawn.} b5 15. Bf1 $6 {The idea of recycling the bishop is
logical, but in this case it is premature. The bishop may be useful on h3,
while the first emergency is to activate the d2-knight, which also obstructs
the other bishop.} (15. Nf1 $1) 15... Qb6 (15... b4 {is premature and allows
White to gain some more time.} 16. Ba6 Rb8 17. Bd3 Bb5 18. Bb1 Rc8 19. Nf1 Nb6
20. h4 Qc7 21. Bg5 Bxg5 $2 22. Nxg5 h6 $6 23. Nh7 $16 {This is not the first
time we see the f8-rook being lost without any compensation... Avrukh,B (2642)
-Al Tamimi,H (2244)/Bajada de la Virgen 2005/CBM 106 ext (1-0, 41)}) 16. Bd3 b4
17. Nf1 h6 $5 {Black can afford to play such a move (preventing Bg5) only
because White's pieces are not prepared yet for an eventual sacrifice on h6.}
18. Bf4 Bb5 19. Bb1 f5 $1 20. exf6 Nexf6 {We can see now the usefulness of the
queen on b6 (defends the e6-pawn). We can also understand that with the bishop
on g2, White could have increased his pressure with Bh3.} 21. N1d2 a5 22. h4 {
[%csl Gg4] With his pieces uncoordinated, White cannot really pretend to
launch an attack with this move.} Ng4 23. Be3 Bd6 24. Bd3 a4 25. Bxb5 Qxb5 $5
26. Qd1 Rf6 $17 {White is under serious pressure on both wings, Izoria,Z (2573)
-Nadera,B (2390)/Dubai 2004/CBM 101 (0-1, 28)}) 14... b5 15. Nf1 b4 16. h4 Qa5
({Let's try to apply Nadera's plan from the previous game:} 16... h6 17. N1h2
Qb6 18. Bf4 Bb5 19. Ng4 {[%cal Gd1d2,Gf4h6]} f5 20. exf6 Nexf6 21. Nge5 $14 {
[%cal Gg2h3] We can notice that White is much better regrouped now.}) 17. Bg5
Bxg5 18. hxg5 {[%cal Gf1e3,Ge3g4,Gg4f6]} Ba4 19. b3 Bb5 20. Qd2 Rc3 21. Ne3 Rd3
(21... Nc7 22. Rac1 $5 {Preventing Black from including his bishop in the
defence of the kingside with ...Bd3.} Rc8 23. Ng4 $36 {[%cal Gg4f6]}) 22. Qb2
Qb6 23. Rac1 Nc7 24. Bf1 $1 {Winning a pawn without too much compensation for
Black.} Rc3 25. Rxc3 bxc3 26. Qxc3 Bxf1 27. Rxf1 Nb5 28. Qd2 $14 {Ovetchkin,R 
(2554)-Kuba,G (2403)/Dresden 2007/CBM 118 (1-0, 52)}) 14. Nf1 (14. Bf1 {
transposes to an aforementioned game. However, I prefer the text move, for
reasons that have been explained earlier.} a5 15. Bd3 Ba6 16. Bb1 Nb5 17. Qb3 {
Once the main aim has been achieved, White transfers the queen back to the
centre, in order to support the kingside attack.} Nb8 (17... f6 $5 {Avrukh,B})
18. Nf1 (18. Qd3 {Avrukh,B} g6 19. Qe3 Nc6 20. a3 $14) 18... Rc4 {Black tries
to concentrate all his forces against the d4-pawn, but his coordination is far
from optimal.} 19. Qd3 g6 20. Bh6 Rb4 (20... Re8 {Avrukh,B} 21. a4 Na7 22. Qd1
$16 {/\Ne3-g4}) 21. Qd1 (21. Bxf8 $2 {Avrukh,B} Nxd4 22. Bxe7 Bxd3 23. Bxd8
Nxf3+ 24. Kh1 Nxe1 $19) 21... Rxb2 22. Bxf8 $16 {Avrukh,B (2582)-Filippov,V 
(2615)/Halkidiki 2002/CBM 92/ (1-0, 36)}) (14. Qxa7 $2 Bc6 $1 {/\Ra8}) 14... b5
15. Qd1 a5 $146 {Strictly speaking, this is a novelty, but in this kind of
closed positions it is the general plans that matter, not a single move.} (
15... b4 16. h4 Nb8 $6 {This is probably too slow. Soon, Black will not have
available any favourable ways of breaking up the centre with ...f6.} 17. Bg5
Nc6 18. Ne3 f6 $6 (18... h6 $5) 19. exf6 gxf6 20. Bh6 Rf7 21. Ng4 Kh8 22. Bf4
Bd6 23. Qd2 Qd7 24. h5 Rcf8 25. Bh3 $16 {Black's centre is immobile and
submitted to strong pressure, Izoria,Z (2541)-Agrest,E (2605)/Las Vegas 2003/
CBM 098 ext (1-0, 58)}) 16. h4 a4 17. N1h2 (17. Bg5 $5) 17... Ra8 {Black has
no favourable way of getting play along the c-file and decides to return with
the rook to a8 in order to enable the continuation of the pawn attack.} 18. Bf1
b4 19. Bd3 f5 {Before it becomes too late.} 20. exf6 Nxf6 21. Bf4 Ne4 {Lputian
probably relied on the fact that this active knight would prevent White from
attacking (which must be the reason why he did not want to "activate" his
b7-bishop), but the next move may have come as a surprise.} 22. Ng5 $5 {
Apparently the only way to keep the attack going.} Bxg5 {Starting with this
point, both players must have been taking into account tactical blows against
White's structure.} (22... Rxf4 $6 {looks premature:} 23. gxf4 Qd6 24. Nxe4
dxe4 25. Bxe4 $14) 23. hxg5 Nxg5 (23... Rxf4 $6 24. gxf4 Qd6 25. f3 (25. Qc1
Rf8) 25... Qxf4 26. fxe4 dxe4 {is refuted by} 27. Bxe4 $1 Bxe4 28. Qg4 Qxg4+
29. Nxg4 $14) 24. Qh5 {[%csl Gh7]} (24. Qg4 $5 {[%csl Ge6]} Ne4 25. Rac1 Rc8
26. f3 $36) 24... Ne4 25. f3 Nf6 $6 {After this obedient retreat, Black will
find himself under pressure.} ({He could have obtained strong counterplay with
} 25... a3 $3 {for instance} 26. b3 (26. fxe4 $6 dxe4 27. Bc2 Rxf4 28. gxf4
Qxd4+ $36) 26... Rxf4 $1 27. gxf4 Qf6 28. Qe5 Qxe5 29. fxe5 Nc3 $44) 26. Qh4
Ba6 27. Bc2 (27. Bxh7+ Nxh7 28. Qxd8 Rfxd8 29. Bxc7 Rdc8 30. Rac1 Bc4 31. Bd6
$13) 27... b3 28. axb3 axb3 29. Bb1 {[%cal Gh2g4]} h6 (29... h5 30. g4 $40) 30.
Ng4 Nce8 (30... Nxg4 31. Qxg4 $40) 31. Bxh6 $1 Nxg4 (31... gxh6 32. Nxh6+ Kg7
33. Rxe6 $40) 32. Qxg4 (32. Bh7+ $5 Kh8 33. Bg5 Ngf6 34. Kg2 $1 $18) 32... Qf6
33. Bg5 Qxf3 34. Qxe6+ Qf7 35. Bf4 Qxe6 36. Rxe6 $16 {The material equality
has been re-established, but White keeps the pair of bishops and the better
coordination. Besides, Black's pawns are vulnerable.} Bc8 37. Rxa8 Bxe6 38. Rb8
Nf6 39. Rxb3 Ne4 40. Rb6 Bf5 41. Ba2 Nf6 42. b4 Kf7 43. b5 Rh8 44. Rxf6+ gxf6
45. b6 1-0

[Event "ROM-ch"]
[Site "Iasi"]
[Date "1999.12.14"]
[Round "2"]
[White "Marin, Mihail"]
[Black "Berescu, Alin Mile"]
[Result "1-0"]
[WhiteElo "2532"]
[BlackElo "2386"]
[Annotator "Marin,M"]
[PlyCount "63"]
[EventDate "1999.12.13"]
[EventType "tourn"]
[EventRounds "15"]
[EventCountry "ROU"]
[EventCategory "9"]
[SourceTitle "CBM 075"]
[Source "ChessBase"]
[SourceDate "2000.04.05"]
[SourceVersion "1"]
[SourceVersionDate "2000.04.05"]
[SourceQuality "1"]

1. c4 e6 2. Nf3 Nf6 3. g3 c6 4. Bg2 d5 5. b3 Nbd7 6. Bb2 Be7 7. O-O O-O 8. Qc2
b6 9. d4 Ba6 10. Nbd2 Rc8 11. e4 c5 12. exd5 exd5 13. Rfd1 (13. Rad1) 13...
cxd4 14. Nxd4 b5 15. Qf5 bxc4 16. bxc4 g6 (16... Bxc4 17. Nxc4 Rxc4 18. Bxd5
Nxd5 19. Qxd5 Rc5 (19... Nb6 20. Qxd8 Bxd8 21. Nf5 $16 {13/548}) 20. Qg2 $16 {
/\Ba3, Nc6}) 17. Qg5 dxc4 (17... Ne4 18. Qh6 $16 Bg5 $140 $2 19. Nf5 $1 $18) (
17... Qb6 {35/586}) 18. Nc6 Rxc6 (18... Qe8 19. Re1 $18) 19. Bxc6 Qb6 20. Bxd7
Qxb2 21. Rab1 (21. Qe3 Qa3 {Berescu}) 21... Qa3 (21... Qd4 $5) (21... Qxa2 22.
Ra1 Qc2 23. Rdc1 Nxd7 24. Qxe7 Qxd2 25. Rd1 Qb2 26. Qxd7 $16) 22. Bb5 Ne4 23.
Nxc4 Qf3 (23... Nxg5 24. Nxa3 Nf3+ 25. Kg2 Bb7 26. Rd7 $18) (23... Qxa2 24. Qe3
Bxb5 25. Qxe4 Qxc4 26. Qxe7 $16) 24. Qe3 Qxe3 25. Nxe3 Bxb5 26. Nd5 (26. Rxb5
Nc3 27. Rd7 Nxb5 28. Rxe7 $14) 26... Bc5 27. Rxb5 Bxf2+ (27... Nxf2 28. Rc1 Bd4
29. Rc4 $18) 28. Kg2 f5 $2 (28... Kg7 $16) 29. Rb7 Rf7 $2 30. Ne7+ $18 Kg7 (
30... Kf8 31. Rdd7 Rf6 32. Nxg6+ $1) 31. Rdd7 Rf8 (31... Kh6 32. Ng8+) (31...
Kf8 32. Nxg6+) (31... Kf6 32. Ng8+) 32. Ng8+ (32. Ng8+ Kxg8 33. Rg7+ Kh8 34.
Rxh7+ Kg8 35. Rbg7#) 1-0